[Event "European Youth Chess Championship G16"]
[Site "Prague, Top Hotel Prague"]
[Date "2016.08.20"]
[Round "3.39"]
[White "Smajzrova, Veronika"]
[Black "Pellicoro, Nathalie"]
[Result "1/2-1/2"]
[WhiteElo "1442"]
[BlackElo "1832"]
[PlyCount "70"]
[EventDate "2016.08.18"]

1. e4 e5 2. Nf3 Nc6 3. Bb5 a6 4. Ba4 Nf6 5. O-O Be7 6. Re1 b5 7. Bb3 d6 8. h3
Na5 9. c3 Nxb3 10. Qxb3 Be6 11. Qd1 c5 12. d4 cxd4 13. cxd4 Qc7 14. Nc3 O-O 15.
a3 Rab8 16. Bd2 Rb7 17. Rc1 Qb8 18. b4 Bc4 19. Bg5 h6 20. Bxf6 Bxf6 21. Nd5 Bd8
22. dxe5 dxe5 23. a4 Bxd5 24. Qxd5 bxa4 25. Nxe5 Bg5 26. Nc6 Qc7 27. Rc5 Be7
28. Nxe7+ Qxe7 29. Qc4 Rfb8 30. Qxa6 Rxb4 31. Ra5 Rxe4 32. Rxe4 Qxe4 33. Rxa4
Rb1+ 34. Kh2 Qe5+ 35. g3 Qxg3+ 1/2-1/2

[Event "European Youth Chess Championship G16"]
[Site "Prague, Top Hotel Prague"]
[Date "2016.08.20"]
[Round "3.40"]
[White "Mutlu, Beste"]
[Black "Tomic, Jelena"]
[Result "0-1"]
[WhiteElo "1759"]
[BlackElo "1631"]
[PlyCount "136"]
[EventDate "2016.08.18"]

1. e4 d5 2. exd5 Qxd5 3. Nc3 Qa5 4. d4 Nf6 5. Nf3 c6 6. Bc4 Bf5 7. Bd2 Nbd7 8.
Qe2 Qb6 9. O-O-O e6 10. Nh4 Bg6 11. Nxg6 hxg6 12. Bf4 Bb4 13. Ne4 Nxe4 14. Qxe4
Nf6 15. Qe2 O-O-O 16. c3 Bd6 17. Bxd6 Rxd6 18. h3 Qa5 19. Bb3 Qg5+ 20. Qe3 Qxg2
21. Rdg1 Qe4 22. Qg3 Rdd8 23. Re1 Qh4 24. Qf3 Qg5+ 25. Qe3 Qxe3+ 26. fxe3 Ne4
27. Rh2 Ng5 28. Rf1 Rdf8 29. h4 Kd7 30. Rf4 Nh7 31. Rhf2 Nf6 32. e4 Ke7 33. a3
Nh5 34. Rg4 Nf6 35. Rgf4 Nd7 36. e5 Rh5 37. Bc2 Rh6 38. Rg2 Nb6 39. Rgf2 Nd5
40. R4f3 f5 41. exf6+ gxf6 42. c4 Nc7 43. Kd2 f5 44. Rb3 b6 45. Rg3 Rxh4 46.
Rxg6 Rxd4+ 47. Kc3 Rh4 48. Bd1 Kf7 49. Rfg2 Ne8 50. Ba4 b5 51. Bb3 Re4 52. cxb5
cxb5 53. Bd1 Rh8 54. Bc2 Rh3+ 55. Kd2 Rd4+ 56. Ke2 b4 57. axb4 Rxb4 58. b3 Rbh4
59. Bd3 Rh2 60. Bb5 Rxg2+ 61. Rxg2 Nd6 62. Bd3 f4 63. Bg6+ Kf6 64. Kf3 e5 65.
Bc2 Nf5 66. Ke4 Nd4 67. Rf2 Rh3 68. b4 Ke6 0-1

[Event "European Youth Chess Championship G16"]
[Site "Prague, Top Hotel Prague"]
[Date "2016.08.20"]
[Round "3.41"]
[White "Litvjakova, Darija"]
[Black "Ciocan, Maria-Alexandra"]
[Result "0-1"]
[WhiteElo "1597"]
[BlackElo "1742"]
[PlyCount "88"]
[EventDate "2016.08.18"]

1. e4 c5 2. c3 Nf6 3. e5 Nd5 4. d4 cxd4 5. cxd4 e6 6. Nc3 Nxc3 7. bxc3 Qc7 8.
Bd2 d6 9. Nf3 Nc6 10. Bb5 Bd7 11. exd6 Bxd6 12. O-O O-O 13. Bd3 Rfe8 14. Qb3 h6
15. h3 Na5 16. Qc2 Bc6 17. Be4 Nc4 18. Rfe1 Rac8 19. Rac1 Qa5 20. Bxc6 Rxc6 21.
Qb3 b6 22. Re2 Rec8 23. Be1 Qa6 24. Rb1 Na3 25. Rbb2 Bf4 26. Qd1 Nb5 27. Qd3
Nc7 28. Qxa6 Nxa6 29. g3 Bd6 30. Ne5 Bxe5 31. dxe5 Nc7 32. Rb3 Rc5 33. f4 Nd5
34. Rc2 Rc4 35. a3 a5 36. Rcb2 Re4 37. Bf2 a4 38. Rb5 Rxc3 39. Kg2 Rxa3 40.
Bxb6 Nxb6 41. Rxb6 Ree3 42. g4 Rxh3 43. Kf2 Rhf3+ 44. Ke2 Rxf4 0-1

[Event "European Youth Chess Championship G16"]
[Site "Prague, Top Hotel Prague"]
[Date "2016.08.20"]
[Round "3.42"]
[White "Vitova, Anna"]
[Black "Garcia, Megan Alyssa"]
[Result "1/2-1/2"]
[WhiteElo "1727"]
[BlackElo "1592"]
[PlyCount "92"]
[EventDate "2016.08.18"]

1. e4 d5 2. exd5 Nf6 3. d4 Bg4 4. f3 Bf5 5. c4 e6 6. dxe6 Nc6 7. exf7+ Kxf7 8.
Ne2 Nb4 9. Ng3 Nc2+ 10. Kf2 Bg6 11. Nc3 Nxa1 12. Nce4 Nxe4+ 13. fxe4 Qf6+ 14.
Kg1 Nc2 15. Qxc2 Qxd4+ 16. Qf2+ Qxf2+ 17. Kxf2 Bc5+ 18. Be3 Bxe3+ 19. Kxe3 Ke6
20. Bd3 c5 21. Ne2 Ke7 22. Nc3 Bf7 23. a3 Rac8 24. Rf1 Be6 25. Rf3 a6 26. Rg3
g6 27. Rg5 Kf6 28. h4 h6 29. e5+ Ke7 30. Rxg6 Rcg8 31. h5 Rxg6 32. Bxg6 Bxc4
33. Na4 Bd5 34. Nxc5 Bxg2 35. e6 b6 36. Nxa6 Kxe6 37. Nc7+ Kd7 38. Nb5 Rf8 39.
Nd4 Kc8 40. Nf5 Rh8 41. Nd6+ Kd7 42. Nf7 Rf8 43. Nxh6 Rf3+ 44. Kd2 Rf2+ 45. Ke1
Rxb2 46. Nf7 Bd5 $11 1/2-1/2

[Event "European Youth Chess Championship G16"]
[Site "Prague, Top Hotel Prague"]
[Date "2016.08.20"]
[Round "3.43"]
[White "Markova, Ralitca"]
[Black "Bierska, Adela"]
[Result "1/2-1/2"]
[WhiteElo "1581"]
[BlackElo "1722"]
[PlyCount "174"]
[EventDate "2016.08.18"]

1. c4 e6 2. Nc3 d5 3. cxd5 exd5 4. Nf3 Nf6 5. g3 Be7 6. Bg2 O-O 7. d3 c5 8. O-O
Nc6 9. Bd2 Bf5 10. Rc1 Rc8 11. a3 Re8 12. Na4 b6 13. Nh4 Bg4 14. h3 Bd7 15. Nc3
d4 16. Nb1 h6 17. a4 Ne5 18. f4 Nc6 19. Na3 Nh5 20. Be1 Nxg3 21. Bxg3 Bxh4 22.
Bh2 Qe7 23. Nc4 Rcd8 24. Rc2 Nb4 25. Rd2 Be6 26. Ne5 g5 27. f5 Bc8 28. f6 Qe6
29. Nf3 Qe3+ 30. Kh1 Bf2 31. Ne5 Rxe5 32. Bxe5 Bxh3 33. Bh2 g4 34. Bxh3 gxh3
35. Bg1 Bxg1 36. Rxg1+ Kh8 37. Qe1 Rd6 38. Qg3 Qxg3 39. Rxg3 Rxf6 40. Rxh3 Kg7
41. Rg3+ Rg6 42. Rf3 Nd5 43. Rf5 Ne3 44. Re5 Ng4 45. Rf5 Kf8 46. b3 Ke7 47. Ra2
Ke6 48. Rf3 f5 49. Ra1 Rg5 50. a5 Kd6 51. axb6 axb6 52. Ra8 h5 53. Rb8 Kc6 54.
Rf8 Ne3 55. Rf2 Kb5 56. Rh2 Kb4 57. Rh8 b5 58. Rb8 f4 59. Rf2 Rf5 60. Rf3 Nd1
61. Kg1 Nc3 62. Rf2 Kxb3 63. Kf1 b4 64. Ke1 Re5 65. Kd2 Kb2 66. Rb7 b3 67. Rb8
Nd5 68. Rb5 Nb4 69. Rxf4 Rd5 70. Rh4 Nc2 71. Ra5 Na3 72. e3 dxe3+ 73. Kxe3 Ka2
74. Rha4 Kb2 75. Rxa3 Kc2 76. Rb5 Rxd3+ 77. Kf4 Rd4+ 78. Kg5 c4 79. Ra4 b2 80.
Rab4 c3 81. Rxd4 b1=Q 82. Rxb1 Kxb1 83. Rb4+ Kc1 84. Kxh5 c2 85. Rb8 Kd2 86.
Rd8+ Kc3 87. Rc8+ Kd2 1/2-1/2

[Event "European Youth Chess Championship G16"]
[Site "Prague, Top Hotel Prague"]
[Date "2016.08.20"]
[Round "3.44"]
[White "Vavrinkova, Eliska"]
[Black "Koljevic, Nikolina"]
[Result "1-0"]
[WhiteElo "1716"]
[BlackElo "1509"]
[PlyCount "127"]
[EventDate "2016.08.18"]

1. d4 d5 2. Nf3 c5 3. c4 e6 4. Nc3 Nc6 5. Bf4 a6 6. cxd5 exd5 7. dxc5 d4 8. Ne4
Bxc5 9. Nxc5 Qa5+ 10. Qd2 Qxc5 11. Rc1 Qb6 12. Ne5 Nge7 13. Nc4 Qb4 14. Qxb4
Nxb4 15. Nb6 Nbd5 16. Nxa8 Nxf4 17. Nb6 Be6 18. g3 Nfd5 19. Nc4 O-O 20. Bg2 b5
21. Ne5 f6 22. Nd3 Nb6 23. a3 Bc4 24. O-O Re8 25. Rfe1 Nf5 26. Bf3 a5 27. Nc5
Rc8 28. b4 a4 29. Bg4 g6 30. e4 dxe3 31. fxe3 Rd8 32. e4 Nh6 33. Be6+ Kh8 34.
Red1 Re8 35. Rd6 Bxe6 36. Rxb6 Bc4 37. Rxf6 Ng4 38. Rf4 Ne5 39. Rd1 Ng4 40. Rd2
Ne3 41. Nb7 Bb3 42. Nd6 Rb8 43. Rdf2 Nc2 44. Rf8+ Rxf8 45. Rxf8+ Kg7 46. Rb8
Nxa3 47. Nxb5 Nc2 48. Nc3 a3 49. Ra8 Nxb4 50. Rxa3 Bf7 51. Kf2 h5 52. Ra7 Kf8
53. Ke3 g5 54. e5 Nc6 55. Ra8+ Ke7 56. Ke4 Bg6+ 57. Kd5 Nb4+ 58. Kc5 Nd3+ 59.
Kd4 Ne1 60. Nd5+ Kd7 61. Ra7+ Kd8 62. e6 Nf3+ 63. Ke3 Ne5 64. Ra8# 1-0

[Event "European Youth Chess Championship G16"]
[Site "Prague, Top Hotel Prague"]
[Date "2016.08.20"]
[Round "3.45"]
[White "Zach, Asif"]
[Black "Urbanc, Ana"]
[Result "1-0"]
[WhiteElo "1569"]
[BlackElo "1681"]
[PlyCount "93"]
[EventDate "2016.08.18"]

1. e4 c5 2. Nf3 Nc6 3. d4 cxd4 4. Nxd4 d6 5. Nc3 a6 6. f3 Nf6 7. Be3 Bd7 8. Qd2
b5 9. O-O-O Qb8 10. g4 b4 11. Nce2 Ne5 12. Ng3 h6 13. h3 a5 14. f4 Nc6 15. Bg2
Ra6 16. e5 dxe5 17. Nxc6 Bxc6 18. Bxc6+ Rxc6 19. fxe5 Rc8 20. exf6 Rd8 21.
Qxd8+ Qxd8 22. Rxd8+ Kxd8 23. Bb6+ Kc8 24. Bxa5 exf6 25. Rd1 Bc5 26. Nf5 g6 27.
Nd6+ Kb8 28. Rd5 Bxd6 29. Rxd6 h5 30. Bxb4 hxg4 31. hxg4 Rh1+ 32. Kd2 Rf1 33.
a4 f5 34. gxf5 Rxf5 35. a5 g5 36. a6 g4 37. Bc3 Rf2+ 38. Kd3 Rf3+ 39. Ke2 f5
40. Bd4 Rh3 41. a7+ Kc7 42. Ra6 Rh2+ 43. Kf1 Rxc2 44. a8=Q Rc1+ 45. Ke2 Kd7 46.
Qd5+ Kc7 47. Ra7+ 1-0

[Event "European Youth Chess Championship G16"]
[Site "Prague, Top Hotel Prague"]
[Date "2016.08.20"]
[Round "3.46"]
[White "Smith, Sarah E"]
[Black "Tomcikova, Zuzana"]
[Result "1-0"]
[WhiteElo "1478"]
[BlackElo "1654"]
[PlyCount "39"]
[EventDate "2016.08.18"]

1. d4 Nf6 2. c3 e6 3. Bg5 c5 4. e3 d5 5. Bd3 Nc6 6. Nd2 cxd4 7. exd4 Be7 8. f4
h6 9. Bxf6 Bxf6 10. Ngf3 Qc7 11. Ne5 g5 12. Qh5 Nxe5 13. fxe5 Bg7 14. O-O O-O
15. Rf6 Rd8 16. Raf1 Rd7 17. Rxh6 Bxh6 18. Qxh6 f6 19. Rxf6 Rg7 20. Bh7+ 1-0

[Event "European Youth Chess Championship G16"]
[Site "Prague, Top Hotel Prague"]
[Date "2016.08.21"]
[Round "4.1"]
[White "Garcia, Martin Marta"]
[Black "Tsolakidou, Stavroula"]
[Result "0-1"]
[WhiteElo "2229"]
[BlackElo "2363"]
[PlyCount "72"]
[EventDate "2016.08.18"]

1. e4 c5 2. Nf3 d6 3. d4 cxd4 4. Qxd4 a6 5. h3 Nf6 6. c4 e6 7. Nc3 b6 8. Be2
Bb7 9. O-O Qc7 10. b3 Nbd7 11. Re1 Be7 12. Bb2 O-O 13. Rad1 Rfd8 14. Qe3 Nc5
15. e5 dxe5 16. Nxe5 Bd6 17. Bf1 Nce4 18. Nxe4 Nxe4 19. Nf3 Bb4 20. Be5 Qe7 21.
Rxd8+ Rxd8 22. Rc1 Bc5 23. Bd4 Rxd4 24. Nxd4 Qf6 25. Rd1 e5 26. Qf3 Bxd4 27.
Qxf6 gxf6 28. Rd3 Bxf2+ 29. Kh2 Bd4 30. g4 Nc3 31. Rd2 Kf8 32. Bg2 Bxg2 33.
Kxg2 a5 34. Rd3 Nxa2 35. Kf3 Nc1 36. Rd1 Nxb3 0-1

[Event "European Youth Chess Championship G16"]
[Site "Prague, Top Hotel Prague"]
[Date "2016.08.21"]
[Round "4.2"]
[White "Sieber, Fiona"]
[Black "Dimitrova, Aleksandra"]
[Result "0-1"]
[WhiteElo "2173"]
[BlackElo "2259"]
[PlyCount "104"]
[EventDate "2016.08.18"]

1. e4 c5 2. Nf3 e6 3. d4 cxd4 4. Nxd4 a6 5. Bd3 Bc5 6. Nb3 Be7 7. O-O Nc6 8.
Qe2 d6 9. a4 b6 10. Na3 Nf6 11. Be3 O-O 12. Nc4 Rb8 13. a5 b5 14. Nb6 Bb7 15.
Rfd1 Nb4 16. e5 Ne8 17. c3 Nxd3 18. Qxd3 Qc7 19. Qe2 f6 20. Nd4 dxe5 21. Nb3
Bd6 22. Rac1 Qe7 23. c4 Bc6 24. cxb5 Bxb5 25. Qf3 Nc7 26. Rxd6 Qxd6 27. Bc5 Qd8
28. Bxf8 Kxf8 29. Nc5 Kg8 30. Rd1 Qe7 31. b4 Rd8 32. h3 f5 33. Qb3 Kf7 34. Kh2
Qg5 35. Nbd7 Ke7 36. Nb6 Qf4+ 37. Kg1 Rxd1+ 38. Qxd1 Qd4 39. Qh5 Qxb4 40. Qg5+
Kf7 41. Ncd7 Qd6 42. Qd8 Nd5 43. Qc8 Nf4 44. h4 Ne2+ 45. Kh2 e4+ 46. g3 f4 47.
Qb7 fxg3+ 48. Kg2 Nf4+ 49. Kxg3 Ng6+ 50. Kg2 Ne7 51. Qxe4 Bc6 52. Ne5+ Qxe5 0-1

[Event "European Youth Chess Championship G16"]
[Site "Prague, Top Hotel Prague"]
[Date "2016.08.21"]
[Round "4.3"]
[White "Avramidou, Anastasia"]
[Black "Antolak, Julia"]
[Result "1-0"]
[WhiteElo "2244"]
[BlackElo "2103"]
[PlyCount "87"]
[EventDate "2016.08.18"]

1. e4 c5 2. Nf3 Nc6 3. d4 cxd4 4. Nxd4 g6 5. c4 Bg7 6. Be3 Nf6 7. Nc3 d6 8. Be2
O-O 9. O-O Bd7 10. f3 a5 11. Qd2 Nxd4 12. Bxd4 Bc6 13. Rac1 Nd7 14. Be3 a4 15.
Rc2 Nc5 16. Rb1 Be5 17. Bh6 Bg7 18. Be3 Be5 19. b4 axb3 20. axb3 Ra3 21. b4 Ne6
22. b5 Qa5 23. Rbc1 Bd7 24. f4 Bg7 25. e5 dxe5 26. Qxd7 exf4 27. Bd2 Nd4 28.
Nb1 Qa7 29. Nxa3 Nxe2+ 30. Kh1 Qxa3 31. Rb1 f3 32. Qd5 Nd4 33. Rcc1 Qd3 34. Bb4
Qe2 35. Rg1 f2 36. Rgf1 Nf5 37. Bc5 Rc8 38. Bxf2 Rxc4 39. Rbe1 Qc2 40. Qxb7 e5
41. b6 Bf8 42. Qa8 Rb4 43. b7 Qb2 44. Bc5 1-0

[Event "European Youth Chess Championship G16"]
[Site "Prague, Top Hotel Prague"]
[Date "2016.08.21"]
[Round "4.4"]
[White "Obolentseva, Alexandra"]
[Black "Rogozenco, Teodora"]
[Result "1-0"]
[WhiteElo "2339"]
[BlackElo "2071"]
[PlyCount "105"]
[EventDate "2016.08.18"]

1. d4 Nf6 2. c4 g6 3. Nc3 d5 4. Nf3 Bg7 5. e3 O-O 6. cxd5 Nxd5 7. Bc4 Nb6 8.
Bb3 c5 9. O-O cxd4 10. Nxd4 Nc6 11. Qe2 a5 12. Rd1 Nxd4 13. exd4 a4 14. Bc2 Be6
15. Be4 Ra5 16. d5 Bxd5 17. Nxd5 Nxd5 18. Bd2 Ra6 19. Bg5 Rd6 20. Bxd5 Rxd5 21.
Bxe7 Re5 22. Qxe5 Qxd1+ 23. Rxd1 Bxe5 24. Bxf8 Kxf8 25. Rd2 h5 26. Kf1 Ke7 27.
h3 Ke6 28. Ke2 b5 29. Kd1 Bf6 30. Kc2 g5 31. Rd3 h4 32. b3 Be7 33. Re3+ Kf6 34.
bxa4 bxa4 35. Re4 a3 36. Kb3 Bc5 37. Re2 Kf5 38. Kc4 Bd6 39. Kd5 Bb4 40. Re3
Kg6 41. Rf3 Bf8 42. Rb3 Kf5 43. Rb7 Kg6 44. Ke4 Bc5 45. f3 f6 46. Kd5 Bf8 47.
Ke6 Bc5 48. Rb3 Bf8 49. Rb5 Bg7 50. Rf5 Kh5 51. Kf7 Bh8 52. Kg8 Bg7 53. Ra5 1-0

[Event "European Youth Chess Championship G16"]
[Site "Prague, Top Hotel Prague"]
[Date "2016.08.21"]
[Round "4.5"]
[White "Tishova, Svetlana"]
[Black "Bojicic, Andjela"]
[Result "1-0"]
[WhiteElo "2012"]
[BlackElo "2110"]
[PlyCount "79"]
[EventDate "2016.08.18"]

1. e4 c5 2. Nf3 d6 3. Bb5+ Bd7 4. Bxd7+ Qxd7 5. O-O Nc6 6. c3 e6 7. Re1 Nf6 8.
d4 cxd4 9. cxd4 d5 10. e5 Ne4 11. Nbd2 Nxd2 12. Bxd2 Be7 13. Rc1 O-O 14. a3 b5
15. Rc3 Na5 16. Ng5 h6 17. Nh3 Nc4 18. Bc1 f6 19. Rg3 Kh8 20. Qg4 Rg8 21. Qh5
Bf8 22. Nf4 fxe5 23. Ng6+ Kh7 24. dxe5 Qe8 25. Qf3 Qxg6 26. Rxg6 Kxg6 27. b3
Nb6 28. Qd3+ Kf7 29. Re3 Bc5 30. Rf3+ Ke7 31. b4 Nc4 32. Bf4 Bb6 33. Bg3 Rac8
34. h3 Rcf8 35. Bh4+ g5 36. Qh7+ Ke8 37. Bg3 Nd2 38. Rc3 Kd8 39. Rc6 Ne4 40.
Qb7 1-0

[Event "European Youth Chess Championship G16"]
[Site "Prague, Top Hotel Prague"]
[Date "2016.08.21"]
[Round "4.6"]
[White "Protopopova, Anastasiya"]
[Black "Ayazmali, Gizem"]
[Result "1-0"]
[WhiteElo "2108"]
[BlackElo "1816"]
[PlyCount "91"]
[EventDate "2016.08.18"]

1. d4 Nf6 2. c4 g6 3. Nc3 Bg7 4. e4 d6 5. h3 O-O 6. Be3 e5 7. d5 c6 8. Nf3 cxd5
9. cxd5 Qa5 10. Bd3 Nh5 11. Qa4 Qxa4 12. Nxa4 Nf4 13. Bf1 f5 14. Nc3 Bd7 15. g3
Nh5 16. Bg5 Nf6 17. Nd2 h6 18. Be3 Nh5 19. Nc4 Rf6 20. a4 Na6 21. Bd2 Nc5 22.
Ra3 Nxe4 23. Nxe4 fxe4 24. Be3 Bf8 25. a5 Bb5 26. Rb3 Bxc4 27. Bxc4 Rf7 28. Ke2
Rc8 29. Rc3 a6 30. Rhc1 Nf6 31. Ba2 Rxc3 32. Rxc3 g5 33. Rc8 Kg7 34. b4 Ng8 35.
Rd8 Rc7 36. Kd2 Nf6 37. Bb3 Kf7 38. Bb6 Rd7 39. Rc8 Re7 40. Bd8 Re8 41. Ba4
Rxd8 42. Rxd8 Ke7 43. Rb8 Nxd5 44. Rxb7+ Kf6 45. Bb3 Ne7 46. b5 1-0

[Event "European Youth Chess Championship G16"]
[Site "Prague, Top Hotel Prague"]
[Date "2016.08.21"]
[Round "4.7"]
[White "Waechter, Nathalie"]
[Black "Broly, Mathilde"]
[Result "1/2-1/2"]
[WhiteElo "1993"]
[BlackElo "2098"]
[PlyCount "112"]
[EventDate "2016.08.18"]

1. d4 Nf6 2. c4 b6 3. Nc3 Bb7 4. d5 e5 5. e4 Bc5 6. Bd3 Bb4 7. Qc2 O-O 8. Nf3
d6 9. a3 Bxc3+ 10. Qxc3 Nbd7 11. b4 Nh5 12. O-O Qe7 13. Re1 h6 14. g3 Kh7 15.
Be3 Ba6 16. Nh4 g6 17. Qd2 Rh8 18. Bxh6 Kg8 19. Bg5 Qe8 20. Be3 Ng7 21. Rac1
Qe7 22. Bg5 Qe8 23. Be3 Qe7 24. c5 Bxd3 25. cxd6 cxd6 26. Bg5 f6 27. Nxg6 Qe8
28. Nxh8 fxg5 29. Qxd3 Kxh8 30. Rc6 Qg6 31. Rec1 Rf8 32. Rc8 Ne8 33. f3 Ndf6
34. g4 Rf7 35. R1c6 Kg7 36. a4 Qh6 37. Qd2 Qh4 38. Qe2 Rb7 39. Kg2 Kg6 40. Qf2
Qh7 41. Qg3 Qd7 42. h4 Rc7 43. R8xc7 Nxc7 44. hxg5 Kxg5 45. Qh3 b5 46. a5 a6
47. Qh8 Kg6 48. Kg3 Nce8 49. Rxa6 Qc7 50. Rc6 Qa7 51. Rb6 Qc7 52. Rc6 Qa7 53.
Qh1 Qe3 54. Qb1 Nxg4 55. Kxg4 Qf4+ 56. Kh3 Qxf3+ 1/2-1/2

[Event "European Youth Chess Championship G16"]
[Site "Prague, Top Hotel Prague"]
[Date "2016.08.21"]
[Round "4.8"]
[White "Brunova, Blanka"]
[Black "Radeva, Viktoria"]
[Result "1/2-1/2"]
[WhiteElo "1992"]
[BlackElo "2080"]
[PlyCount "93"]
[EventDate "2016.08.18"]

1. e4 c5 2. Nf3 e6 3. d4 cxd4 4. Nxd4 a6 5. Bd3 Qc7 6. c4 Nf6 7. O-O Nc6 8. Be3
Be7 9. Qe2 Ne5 10. h3 O-O 11. Nc3 b6 12. f4 Nxd3 13. Qxd3 d6 14. f5 e5 15. Nde2
Bb7 16. Nd5 Bxd5 17. cxd5 Rfc8 18. Rac1 Qb7 19. g4 h6 20. Ng3 b5 21. Qd2 Nh7
22. Nh5 Rxc1 23. Rxc1 Rc8 24. Kg2 Rc7 25. Ng3 Qc8 26. Rxc7 Qxc7 27. Qc1 Qxc1
28. Bxc1 Bg5 29. Bxg5 Nxg5 30. h4 Nh7 31. Kf3 Nf6 32. b4 Nd7 33. Nf1 Nb6 34.
Ke3 f6 35. Nd2 Kf7 36. h5 Ke7 37. Kd3 Na4 38. Kc2 Nb6 39. Nb1 Nc4 40. Kd3 Kd7
41. Nd2 Nb6 42. Nb3 Nc4 43. Nd2 Nxd2 44. Kxd2 Kc7 45. Kc3 Kb6 46. a3 Kc7 47.
Kd3 1/2-1/2

[Event "European Youth Chess Championship G16"]
[Site "Prague, Top Hotel Prague"]
[Date "2016.08.21"]
[Round "4.9"]
[White "Shpanko, Nadiia"]
[Black "Pasoglou, Ekaterini"]
[Result "0-1"]
[WhiteElo "2102"]
[BlackElo "1938"]
[PlyCount "104"]
[EventDate "2016.08.18"]

1. e4 c5 2. Nf3 Nc6 3. d4 cxd4 4. Nxd4 Nf6 5. Nc3 d6 6. Bg5 e6 7. Qd2 a6 8.
O-O-O Bd7 9. f3 Be7 10. h4 h6 11. Be3 h5 12. Qf2 Qb8 13. Qg3 b5 14. Nxc6 Bxc6
15. Qxg7 Rg8 16. Qh6 b4 17. Ne2 Rg6 18. Qf4 e5 19. Qh2 Ba4 20. b3 Bd7 21. Kb1
Qc7 22. Nc1 a5 23. g3 Rc8 24. Ba6 Ra8 25. Bc4 Be6 26. Bb5+ Kf8 27. Bg5 Qc5 28.
Qe2 Rc8 29. Ba6 Rc7 30. Rhg1 d5 31. Nd3 Qd6 32. Nxe5 Qxe5 33. Bf4 Qc3 34. Bxc7
Qxc7 35. e5 Nd7 36. f4 Bg4 37. Qb5 Bxd1 38. Rxd1 Nc5 39. Rxd5 Nxa6 40. Rd7 Qb6
41. Qc4 Qc6 42. Qd4 Qc3 43. Qd1 Nc5 44. Rc7 Qxg3 45. f5 Qg1 46. Rc8+ Kg7 47.
f6+ Bxf6 48. exf6+ Kxf6 49. Rc6+ Ne6 50. Rd6 Qxd1+ 51. Rxd1 Rg4 52. Rd5 Rxh4
0-1

[Event "European Youth Chess Championship G16"]
[Site "Prague, Top Hotel Prague"]
[Date "2016.08.21"]
[Round "4.10"]
[White "Redondo, Benavente Ana"]
[Black "Stashis, Anna"]
[Result "1-0"]
[WhiteElo "2088"]
[BlackElo "1926"]
[PlyCount "99"]
[EventDate "2016.08.18"]

1. e4 d5 2. exd5 Qxd5 3. Nc3 Qd6 4. d4 Nf6 5. Nf3 a6 6. g3 Bg4 7. Be2 e6 8. Bf4
Qd8 9. h3 Bh5 10. g4 Bg6 11. Ne5 Nd5 12. Nxd5 Qxd5 13. O-O Qd8 14. Bf3 c6 15.
c4 Nd7 16. Nxd7 Qxd7 17. d5 Rc8 18. dxe6 Qxd1 19. exf7+ Bxf7 20. Raxd1 Be6 21.
Rfe1 Kf7 22. Re5 g6 23. Re4 Bg7 24. b3 Rcd8 25. Bd6 g5 26. c5 Bf6 27. Rde1 Bd5
28. R4e3 Bxf3 29. Rxf3 Rhe8 30. Rfe3 Rxe3 31. Rxe3 Re8 32. Kg2 Bd4 33. Rxe8
Kxe8 34. Kg3 Kf7 35. f4 gxf4+ 36. Kxf4 Kf6 37. h4 h6 38. Bf8 Be5+ 39. Ke4 Bg3
40. Bxh6 Bxh4 41. g5+ Kg6 42. Ke5 Bf2 43. Kd6 Kf7 44. Kc7 Bxc5 45. Kxb7 a5 46.
Kxc6 Bb4 47. Kb5 Kg6 48. a3 Bxa3 49. Kxa5 Bd6 50. b4 1-0

[Event "European Youth Chess Championship G16"]
[Site "Prague, Top Hotel Prague"]
[Date "2016.08.21"]
[Round "4.11"]
[White "Avetisyan, Mariam"]
[Black "Limanovska, Elizabete"]
[Result "1-0"]
[WhiteElo "2079"]
[BlackElo "1924"]
[PlyCount "49"]
[EventDate "2016.08.18"]

1. e4 c5 2. c3 Nf6 3. e5 Nd5 4. Nf3 e6 5. c4 Nb6 6. b4 d6 7. exd6 cxb4 8. d4
N6d7 9. c5 g6 10. Bg5 f6 11. Be3 Bg7 12. Bc4 Nf8 13. a3 bxa3 14. Nxa3 Bd7 15.
O-O g5 16. Re1 Ng6 17. Nb5 Bxb5 18. Bxb5+ Kf7 19. d5 e5 20. c6 b6 21. d7 g4 22.
d6 Nxd7 23. Qd5+ Kf8 24. cxd7 gxf3 25. Bc4 1-0

[Event "European Youth Chess Championship G16"]
[Site "Prague, Top Hotel Prague"]
[Date "2016.08.21"]
[Round "4.12"]
[White "Olde, Margareth"]
[Black "Frej, Zofia"]
[Result "1/2-1/2"]
[WhiteElo "2059"]
[BlackElo "1881"]
[PlyCount "84"]
[EventDate "2016.08.18"]

1. c4 e6 2. g3 d5 3. Bg2 c5 4. Nf3 Nf6 5. O-O Nc6 6. cxd5 exd5 7. d4 c4 8. Nc3
Bb4 9. Bg5 Be6 10. Ne5 Bxc3 11. bxc3 O-O 12. f4 Qc8 13. Nxc6 bxc6 14. Bxf6 gxf6
15. e4 dxe4 16. Bxe4 f5 17. Bf3 Qd7 18. Re1 Rab8 19. Rb1 Rfd8 20. Re5 f6 21.
Re2 Bd5 22. Reb2 Rxb2 23. Rxb2 Re8 24. Re2 Bxf3 25. Rxe8+ Qxe8 26. Qxf3 Qe1+
27. Kg2 Qe6 28. Kh3 Kf7 29. Qf1 Kg6 30. Kh4 Kf7 31. Kh3 Kg6 32. a4 a5 33. Kh4
Kf7 34. Kh5 Kg7 35. h3 Qe3 36. Kh4 Qxc3 37. Qe2 Qxd4 38. Qe7+ Kg6 39. Qe8+ Kh6
40. Qf8+ Kg6 41. Qg8+ Kh6 42. Qf8+ Kg6 1/2-1/2

[Event "European Youth Chess Championship G16"]
[Site "Prague, Top Hotel Prague"]
[Date "2016.08.21"]
[Round "4.13"]
[White "Koridze, Lile"]
[Black "Cvitan, Ena"]
[Result "1/2-1/2"]
[WhiteElo "1937"]
[BlackElo "2045"]
[PlyCount "140"]
[EventDate "2016.08.18"]

1. d4 Nf6 2. c4 e6 3. g3 d5 4. Nf3 Be7 5. Bg2 O-O 6. O-O dxc4 7. Nc3 a6 8. Ne5
c5 9. dxc5 Qc7 10. Nxc4 Bxc5 11. Qb3 Nc6 12. Bg5 b5 13. Bxf6 gxf6 14. Nd2 f5
15. Rac1 Qb6 16. Na4 bxa4 17. Qxb6 Bxb6 18. Bxc6 Rb8 19. Bxa4 Bd4 20. b3 a5 21.
Nf3 Bf6 22. Rc2 Ba6 23. Rfc1 Rfd8 24. Kf1 Rd6 25. Rc6 Rbd8 26. Rxd6 Rxd6 27.
Ke1 Rd8 28. Rc7 Kf8 29. h4 Be7 30. Rd7 Rxd7 31. Bxd7 Bb4+ 32. Kd1 Bc5 33. e3
Ke7 34. Ba4 f6 35. Nd4 Kd6 36. Kc2 Bb4 37. Bb5 Bc8 38. Kd1 e5 39. Nc2 Bc5 40.
Ke2 Be6 41. Bc4 Bd7 42. Ne1 Ba3 43. Nc2 Bc5 44. f4 Bc6 45. Kd2 Bf3 46. a3 h6
47. b4 Bb6 48. Bd3 Bg4 49. Na1 Kd5 50. Nb3 axb4 51. axb4 Bd8 52. Na5 Bc7 53.
Kc3 e4 54. Bc4+ Kd6 55. Nb3 Bb6 56. Nd4 Kc7 57. Be6 Kd6 58. Bb3 Kc7 59. Bd5 Kd6
60. Kc4 Bh3 61. Bf7 Bf1+ 62. Kc3 Bh3 63. Bc4 Bg4 64. Ba6 Kd5 65. Bb7+ Kd6 66.
Bc8 Kc7 67. Be6 Kd6 68. Bb3 Bh3 69. Bd1 Kd5 70. Nc2 Bf1 1/2-1/2

[Event "European Youth Chess Championship G16"]
[Site "Prague, Top Hotel Prague"]
[Date "2016.08.21"]
[Round "4.14"]
[White "Kochukova, Anna"]
[Black "Golub, Nikolina"]
[Result "1-0"]
[WhiteElo "2041"]
[BlackElo "1870"]
[PlyCount "69"]
[EventDate "2016.08.18"]

1. e4 c5 2. Nf3 e6 3. d4 cxd4 4. Nxd4 Nc6 5. Nc3 Qc7 6. Be2 a6 7. O-O Nf6 8.
Kh1 b5 9. a3 Bb7 10. f4 Nxd4 11. Qxd4 Bc5 12. Qd3 b4 13. axb4 Bxb4 14. Bf3 Bxc3
15. bxc3 d5 16. exd5 Nxd5 17. c4 Ne7 18. Bxb7 Qxb7 19. Ba3 O-O 20. Rab1 Qc7 21.
Bd6 Qd7 22. Qa3 Rfe8 23. Rfd1 Nf5 24. c5 Rec8 25. Qf3 Qc6 26. Qd3 Rd8 27. Rb6
Qc8 28. Qf3 Ra7 29. Rb8 Qd7 30. c6 Qe8 31. Rxd8 Qxd8 32. Bc5 Ra8 33. Rxd8+ Rxd8
34. c7 Re8 35. Qb7 1-0

[Event "European Youth Chess Championship G16"]
[Site "Prague, Top Hotel Prague"]
[Date "2016.08.21"]
[Round "4.15"]
[White "Mirza, Diana"]
[Black "Polterauer, Chiara"]
[Result "1/2-1/2"]
[WhiteElo "1925"]
[BlackElo "2009"]
[PlyCount "79"]
[EventDate "2016.08.18"]

1. e4 e5 2. Nf3 Nc6 3. Bc4 Bc5 4. c3 Nf6 5. d3 a6 6. a4 Ba7 7. O-O d6 8. Na3
O-O 9. Nc2 Ne7 10. Be3 Ng6 11. Bxa7 Rxa7 12. Ne3 Nf4 13. Re1 N6h5 14. d4 Qf6
15. dxe5 dxe5 16. Nd5 Nxd5 17. exd5 Bg4 18. h3 Bxf3 19. Qxf3 Qxf3 20. gxf3 Re8
21. Rad1 Kf8 22. a5 Nf4 23. Kh2 Raa8 24. d6 cxd6 25. Rxd6 Rac8 26. Bb3 Rcd8 27.
Rxd8 Rxd8 28. Rxe5 Nd3 29. Rd5 Rxd5 30. Bxd5 Nxb2 31. Bxb7 Nc4 32. Bxa6 Nxa5
33. Kg3 Ke7 34. Kf4 Kd6 35. Bd3 h6 36. h4 Nc6 37. h5 Ne5 38. Bb5 g6 39. hxg6
fxg6 40. Ke4 1/2-1/2